Evaluación como ayuda al aprendizaje
Sparad:
| Huvudupphovsmän: | , , , , , , , , , , , , , , , , , , |
|---|---|
| Övriga upphovsmän: | |
| Materialtyp: | Bok |
| Språk: | spanska |
| Publicerad: |
Barcelona
Graó
2007
|
| Upplaga: | 4a. ed |
| Serie: | Claves para la Innovación Educativa, 4
|
| Ämnen: | |
| Taggar: |
Lägg till en tagg
Inga taggar, Lägg till första taggen!
|
MARC
| LEADER | 00000nam a2200000 a 4500 | ||
|---|---|---|---|
| 001 | UCH5148 | ||
| 003 | CL-VaPUC | ||
| 008 | 091001e20070000SP |||||||||||||||||spa|d | ||
| 020 | |a 9788478272341 | ||
| 082 | 0 | 4 | |a 371.26 |b BAL |2 21 |
| 100 | 0 | |a Ballester, Margarita |e author |9 541321 | |
| 700 | 0 | |a Batalloso, Juan Miguel |e author |9 541322 | |
| 700 | 0 | |a Calatayud, María Amparo |e author |9 541323 | |
| 700 | 0 | |a Córdoba, Inmaculada |e author |9 541324 | |
| 700 | 0 | |a Fons, Monserrat |e author |9 541325 | |
| 700 | 0 | |a Giner, Toni |e author |9 541326 | |
| 700 | |a Jorba, Jaume |e author |9 602505 | ||
| 700 | 0 | |a Mir, Boris |e author |9 541328 | |
| 700 | 0 | |a Moreno, Isidro |e author |9 541329 | |
| 700 | |a Otero, Luis |e autor |9 602508 | ||
| 700 | |a Parcerisa Aran, Artur |e author |9 594108 | ||
| 700 | 0 | |a Pigrau, Teresa |e author |9 541332 | |
| 700 | 0 | |a Pitaluga, Inmaculada |e author |9 541333 | |
| 700 | 0 | |a Pujol, María Antonia |e author |9 541334 | |
| 700 | 0 | |a Quinquer, Dolors |e author |9 541335 | |
| 700 | 0 | |a Quintana, Hilda E |e author |9 541336 | |
| 700 | 0 | |a SanMartí, Neus |e author |9 541337 | |
| 700 | 0 | |a Sbert, Cati |e author |9 541338 | |
| 700 | 0 | |a Sbert, Maite |e author |9 541339 | |
| 700 | 0 | |a Weissman, Hilda |e author |9 541340 | |
| 245 | 1 | 0 | |a Evaluación como ayuda al aprendizaje |
| 250 | |a 4a. ed | ||
| 300 | |a 174 p | ||
| 942 | |c BK | ||
| 945 | |d 20091001 00:00:00 |a rbrito | ||
| 260 | |a Barcelona |b Graó |c 2007 | ||
| 650 | 0 | |a Evaluación de la educación |9 237505 | |
| 650 | 0 | |a Aprendizaje |9 254827 | |
| 650 | 0 | |a Educación preescolar |9 260381 | |
| 650 | 0 | |a Educación básica |9 224933 | |
| 583 | |a last modification |c 20091001 00:00:00 |k Rodrigo Vera | ||
| 490 | 0 | |a Claves para la Innovación Educativa, 4 | |
| 999 | |c 336338 |d 336336 | ||
| 952 | |0 0 |1 0 |4 0 |6 371_260000000000000_BAL_2007 |7 0 |8 A |9 427500 |a BIBEDU |b BIBEDU |d 2019-11-22 |i 4604202 |o 371.26 BAL 2007 |p 4604202 |r 2019-11-22 |w 2019-11-22 |y BK |k EPE | ||